Statistics for "The Big Bang Theory" Characters By Photo

Click here to take the quiz!

General Stats

  • This quiz has been taken 202 times
  • The average score is 8 of 8

Answer Stats

Answer% Correct
Sheldon (Jim Parsons)
100%
Penny (Kaley Cuoco)
99%
Howard (Simon Helberg)
98%
Rajesh (Kunal Nayyar)
98%
Leonard (Johnny Galecki)
97%
Amy (Mayim Bialik)
96%
Bernadette (Melissa Rauch)
94%
Stuart (Kevin Sussman)
84%

Score Distribution

Percentile by Number Answered

Percent of People with Each Score

Your Score History

You have not taken this quiz